Informe Anual de labores 2007 /

Bibliografiset tiedot
Yhteisötekijä: Universidad de Costa Rica. Junta Administradora del Fondo de Ahorro y Préstamo
Aineistotyyppi: Kirja
Kieli:espanja
Julkaistu: [San José, Costa Rica] : La Junta, 2007
Aiheet:

MARC

LEADER 00000nam a2200000Ia 4500
008 180925b2006 cr ||||| |||| 00| | spa d
999 |c 2459  |d 2459 
090 |a CD #181 
110 2 |a Universidad de Costa Rica. Junta Administradora del Fondo de Ahorro y Préstamo  |9 4314 
245 1 0 |a Informe Anual de labores 2007 /   |c Universidad de Costa Rica. Junta Administradora del Fondo de Ahorro y Préstamo 
260 |a [San José, Costa Rica] :   |b La Junta,   |c 2007 
300 |a 138 páginas : Disco Compacto 
650 0 |a INFORMES ANUALES   |9 621 
942 |i 003468   |h CD #181   |2 z  |c 08